Chiapas (Record no. 64938)
[ view plain ]
| 000 -LEADER | |
|---|---|
| fixed length control field | 00807cam a2200217 4500 |
| 005 - DATE AND TIME OF LATEST TRANSACTION | |
| control field | 20231006124821.0 |
| 008 - FIXED-LENGTH DATA ELEMENTS--GENERAL INFORMATION | |
| fixed length control field | 170629b mx ||||| |||| 00| 0 spa d |
| 020 ## - INTERNATIONAL STANDARD BOOK NUMBER | |
| International Standard Book Number | 9684962738 |
| 050 04 - LIBRARY OF CONGRESS CALL NUMBER | |
| Classification number | P40 .45 .M6 |
| -- | PM3115 |
| Item number | T67 1994 |
| 100 1# - MAIN ENTRY--PERSONAL NAME | |
| Personal name | Torre Yarza, Rodrigo de la |
| 245 10 - TITLE STATEMENT | |
| Title | Chiapas |
| Remainder of title | : entre la Torre de Babel y la lengua nacional |
| Statement of responsibility, etc | / Rodrigo de la Torre Yarza. |
| 250 ## - EDITION STATEMENT | |
| Edition statement | 1a ed. |
| 260 ## - PUBLICATION, DISTRIBUTION, ETC. (IMPRINT) | |
| Place of publication, distribution, etc | México : |
| Name of publisher, distributor, etc | Centro de Investigaciones y Estudios Superiores en Antropología Social, |
| Date of publication, distribution, etc | 1994 |
| 300 ## - PHYSICAL DESCRIPTION | |
| Extent | 147 p. : |
| Other physical details | il. ; |
| Dimensions | 21 cm. |
| 490 0# - SERIES STATEMENT | |
| Series statement | Miguel Othón de Mendizábal |
| 504 ## - BIBLIOGRAPHY, ETC. NOTE | |
| Bibliography, etc | Bibliografia: p. 137-147 |
| 650 #7 - SUBJECT ADDED ENTRY--TOPICAL TERM | |
| Source of heading or term | lemb |
| Topical term or geographic name as entry element | Sociolingüistica |
| Geographic subdivision | México |
| -- | Chiapas |
| 650 #4 - SUBJECT ADDED ENTRY--TOPICAL TERM | |
| Topical term or geographic name as entry element | Lingüística antropológica |
| Geographic subdivision | Chiapas |
| 650 #4 - SUBJECT ADDED ENTRY--TOPICAL TERM | |
| Topical term or geographic name as entry element | Indios de México |
| Geographic subdivision | Chiapas |
| General subdivision | Lenguas |
| 942 ## - ADDED ENTRY ELEMENTS (KOHA) | |
| Source of classification or shelving scheme | Biblioteca del Cogreso de los Estados Unidos |
| Koha item type | Libro |
| Estado de pérdida | Fuente de clasificación | Estado del daño | No para préstamo | Ubicación permanente | Ubicación actual | Apartado o colección | Fecha de adquisición | Edición | Dependencia de educación superior (DES) | Área del conocimiento | Clasificación | Código de Barras | Date last seen | Número de copia | Tipo de recurso | Nota pública | Total Checkouts | Costo por reposición |
|---|---|---|---|---|---|---|---|---|---|---|---|---|---|---|---|---|---|---|
| Biblioteca del Cogreso de los Estados Unidos | Uso interno Biblioteca | Biblioteca de la Facultad de Economía | Biblioteca de la Facultad de Economía | General | 06/10/2023 | 1a ed. | Ciencias Económico Administrativas | Educación y Humanidades | PM3115 T67 1994 | BFE000010138 | 06/10/2023 | 1 | Libro | 1.00 | ||||
| Biblioteca del Cogreso de los Estados Unidos | Biblioteca de la Facultad de Economía | Biblioteca de la Facultad de Economía | General | 06/10/2023 | 1a ed. | Ciencias Económico Administrativas | Educación y Humanidades | PM3115 T67 1994 | BFE000010139 | 06/10/2023 | 2 | Libro | 1.00 | |||||
| Biblioteca del Cogreso de los Estados Unidos | Biblioteca del Instituto de Investigaciones Históricas | Biblioteca del Instituto de Investigaciones Históricas | General | 29/06/2017 | 1a ed. | Humanidades | Educación y Humanidades | P40 .45 .M6 T67 1994 | IIH000017422 | 29/06/2017 | C: 1 | Libro | GENERAL | |||||
| Biblioteca del Cogreso de los Estados Unidos | Biblioteca del Instituto de Investigaciones Históricas | Biblioteca del Instituto de Investigaciones Históricas | General | 29/06/2017 | 1a ed. | Humanidades | Educación y Humanidades | P40 .45 .M6 T67 1994 | IIH000017421 | 29/06/2017 | C: 2 | Libro | GENERAL |